Research methods laboratory manual for psychology / (Record no. 29327)

MARC details
000 -LEADER
fixed length control field 01660cam a2200373 i 4500
003 - CONTROL NUMBER IDENTIFIER
control field CUTN
005 - DATE AND TIME OF LATEST TRANSACTION
control field 20190809170812.0
008 - FIXED-LENGTH DATA ELEMENTS--GENERAL INFORMATION
fixed length control field 100401s2011 caua b 001 0 eng c
020 ## - INTERNATIONAL STANDARD BOOK NUMBER
International Standard Book Number 9780495811183
020 ## - INTERNATIONAL STANDARD BOOK NUMBER
International Standard Book Number 0495811181
020 ## - INTERNATIONAL STANDARD BOOK NUMBER
International Standard Book Number 9780840033376
020 ## - INTERNATIONAL STANDARD BOOK NUMBER
International Standard Book Number 0840033370
041 ## - LANGUAGE CODE
Language English
042 ## - AUTHENTICATION CODE
Authentication code pcc
082 ## - DEWEY DECIMAL CLASSIFICATION NUMBER
Classification number 150.724
Item number LAN
100 1# - MAIN ENTRY--PERSONAL NAME
Personal name Langston, William,
245 10 - TITLE STATEMENT
Title Research methods laboratory manual for psychology /
Statement of responsibility, etc William Langston,
250 ## - EDITION STATEMENT
Edition statement Third edition.
300 ## - PHYSICAL DESCRIPTION
Extent xvii, 203 pages :
Other physical details illustrations ;
Dimensions 24 cm
505 00 - FORMATTED CONTENTS NOTE
Title Single-subject, observation, survey and correlation research -- Single-subject designs -- Observation research -- Survey research -- Correlation research 1 -- Correlation research 2 -- Correlation research 3 --
-- Experimental designs -- Two group experiments -- One-way designs -- Factorial designs 1 -- Factorial designs 2 -- Field experiments.
650 #0 - SUBJECT ADDED ENTRY--TOPICAL TERM
Topical term or geographic name as entry element Psychology
650 #7 - SUBJECT ADDED ENTRY--TOPICAL TERM
Topical term or geographic name as entry element Psychology
942 ## - ADDED ENTRY ELEMENTS (KOHA)
Source of classification or shelving scheme Dewey Decimal Classification
Koha item type General Books
856 42 - ELECTRONIC LOCATION AND ACCESS
Uniform Resource Identifier <a href="https://www.loc.gov/catdir/enhancements/fy1701/2010926078-b.html">https://www.loc.gov/catdir/enhancements/fy1701/2010926078-b.html</a>
856 42 - ELECTRONIC LOCATION AND ACCESS
Uniform Resource Identifier <a href="https://www.loc.gov/catdir/enhancements/fy1701/2010926078-d.html">https://www.loc.gov/catdir/enhancements/fy1701/2010926078-d.html</a>
856 41 - ELECTRONIC LOCATION AND ACCESS
Uniform Resource Identifier <a href="https://www.loc.gov/catdir/enhancements/fy1701/2010926078-t.html">https://www.loc.gov/catdir/enhancements/fy1701/2010926078-t.html</a>
100 1# - MAIN ENTRY--PERSONAL NAME
Dates associated with a name 1967-
Relator term author.
504 ## - BIBLIOGRAPHY, ETC. NOTE
Bibliography, etc Includes bibliographical references and index.
505 00 - FORMATTED CONTENTS NOTE
Miscellaneous information Part 1:
-- Part 2:
650 #0 - SUBJECT ADDED ENTRY--TOPICAL TERM
General subdivision Research
-- Methodology.
650 #7 - SUBJECT ADDED ENTRY--TOPICAL TERM
General subdivision Research
-- Methodology.
Source of heading or term fast
856 42 - ELECTRONIC LOCATION AND ACCESS
Materials specified Contributor biographical information
856 42 - ELECTRONIC LOCATION AND ACCESS
Materials specified Publisher description
856 41 - ELECTRONIC LOCATION AND ACCESS
Materials specified Table of contents only
906 ## - LOCAL DATA ELEMENT F, LDF (RLIN)
a 7
b cbc
c pccadap
d 2
e ncip
f 20
g y-gencatlg
Holdings
Withdrawn status Lost status Source of classification or shelving scheme Damaged status Not for loan Collection code Home library Location Shelving location Date of Cataloging Total Checkouts Full call number Barcode Date last seen Price effective from Koha item type
    Dewey Decimal Classification     Non-fiction CUTN Central Library CUTN Central Library Philosophy & psychology 09/08/2019   150.724 LAN 37914 09/08/2019 09/08/2019 General Books